50 Aniversario de los Estudios Generales de la Universidad de Costa Rica : Documentos fundamentales /
Đã lưu trong:
| Tác giả chính: | |
|---|---|
| Định dạng: | Không biết |
| Ngôn ngữ: | Spanish |
| Được phát hành: |
San José, Costa Rica :
Universidad de Costa Rica,
2007.
|
| Những chủ đề: | |
| Các nhãn: |
Thêm thẻ
Không có thẻ, Là người đầu tiên thẻ bản ghi này!
|
MARC
| LEADER | 000000000a22000000004500 | ||
|---|---|---|---|
| 001 | 010622 | ||
| 020 | |a 9789977151595 | ||
| 041 | 0 | |a spa | |
| 082 | 0 | 4 | |a 378.728.6 |b S718c |
| 100 | 1 | |a Soto Valverde, Gustavo Adolfo | |
| 245 | 1 | 0 | |a 50 Aniversario de los Estudios Generales de la Universidad de Costa Rica : |b Documentos fundamentales / |c Gustavo Adolfo Soto Valverde. |
| 260 | 1 | |a San José, Costa Rica : |b Universidad de Costa Rica, |c 2007. | |
| 300 | |a 518 páginas : |b fotos a color | ||
| 500 | |a La Biblioteca contiene otro ejemplar con número de inscripción 14103 | ||
| 650 | 4 | |a UNIVERSIDAD DE COSTA RICA. ESCUELA DE ESTUDIOS GENERALES | |
| 650 | 4 | |a ESCUELA DE ESTUDIOS GENERALES | |
| 650 | 4 | |a HUMANIDADES | |
| 650 | 4 | |a HISTORIA | |
| 999 | |c 16102 |d 16102 | ||
| 942 | |c BK |h 378.728.6 S718c |2 z | ||



